| 000 | 00636nmm a2200217 a 4500 | ||
|---|---|---|---|
| 003 | AR-BaBNM | ||
| 005 | 20251128203204.0 | ||
| 008 | 247019s1984 ||||||||||||||000 | spa|| | ||
| 040 | _cAR-BaBNM | ||
| 100 | 1 | _aCardellicchio, Antonio | |
| 245 | 1 | 0 |
_aLa esencia de la educación musical rítmica y auditiva _bintroducción a la rítmica musical y a la relación interválica |
| 260 |
_aBuenos Aires _bRicordi _c1984 |
||
| 300 | 0 |
_a36 p. _bil., diagr. |
|
| 650 | 4 | _aEDUCACION ARTISTICA | |
| 650 | 4 | _aENSENANZA DE LA MUSICA | |
| 650 | 4 | _aMETODOS DE ENSENANZA | |
| 650 | 4 | _aMUSICA | |
| 650 | 4 | _aRITMO | |
| 942 | _cBK | ||
| 998 | _cSILVI | ||
| 999 |
_c2301 _d2301 |
||